000 00839 a2200241 4500
005 20251218150116.0
008 251218b |||||||| |||| 00| 0 eng d
020 _a978-93-7033-013-9 (hbk)
037 _cTB
040 _aCRL
_cCRL
041 _2eng
_aeng
084 _aJoaXv275 R5
_qCRL
100 _aChaudhuri, Binay Bhushan
_9822005
245 _aHidden string:
_bagrarian economy of colonial Bengal and its institutional framework
260 _aDelhi, India:
_bPrimus Books,
_c2025.
300 _axxi;911p.
365 _b2650.00
_cINR
650 _aAgriculture
_9857856
650 _aEconomics
_9857857
650 _aBengal-History
_9857858
942 _cTB
_2CC
_n0
_hJoaXv275 R5
999 _c1435839
_d1435839